MDQL
is popping MORE tags! Check the
thread
!
Quizzes
Events
Quiz Creation
Community
Videos
Private Events
Remove Ads
Sign In
Join for FREE
Feedback
Dark Mode
Quiz Categories
Sports
Geography
Music
Movies
Television
Just For Fun
Miscellaneous
History
Literature
Language
Science
Gaming
Entertainment
Religion
Holiday
For Kids
Quiz Lab
Recent
Popular Today
Quiz Kudos Today
Editor Picks
Curator Picks
Quizzes by...
Day
Popularity
Type
Ratings
Length
Year
Community
Subscriptions
Recent Discussions
Orange Saloon
Badges
Playlists
Quests
Create
Leaderboards
Showdown
Live 5
Trivia Bingo
Activity
Puzzle Library
Sporcle Events
Private Events
Virtual Trivia
Globe League
Become a Host
Pub Owners
SporcleCon
Opinionation
Our Games
Videos
Blog
Mobile Apps
Partnerships
Remove Ads and Go Orange
Feedback
Gaming
Video Games
Board Games
Card Games
Pokémon
Mario
Nintendo
Minecraft
Console
Toys
Legend of Zelda
Gaming
Video Games
Board Games
Card Games
Pokémon
Mario
Nintendo
Minecraft
Console
Toys
Legend of Zelda
Random Quiz
Search Sporcle
×
Quiz Lab
Quiz Lab
Gaming
Nintendo
Type in answers that appear in a list
Type in answers that appear in a list
Classic
Best Score? Go Orange.
Top 100 Pokemon by Defense (1st - 4th Gen) Stats
Can you name the top 100 pokemon in terms of defense stat (1st - 4th generation)?
By
yodaman200
20m
100 Questions
702 Plays
702 Plays
702 Plays
Comments
Comments
Give Quiz Kudos
Give Quiz Kudos
-
- Ratings
hide this ad
Replay
Link that replays current quiz
Next Quiz
Link to next quiz in quiz playlist
You Got
0%
They Got
Avg Score
68%
Avg Friend Score
Upgrade to see
Score Distribution
Jump to the score distribution portion of the page
Score
0/100
Timer
20:00
0
Plays Today
Rank
Pokemon
% Correct
2/
100
Steelix
95.9%
18/
100
Golem
92.3%
7/
100
Onix
90.6%
1/
100
Shuckle
87.7%
77/
100
Mew
84.8%
40/
100
Graveler
84.2%
3/
100
Regirock
84%
5/
100
Aggron
83.6%
33/
100
Dialga
83%
90/
100
Palkia
82.3%
12/
100
Skarmory
82.2%
22/
100
Metagross
82.2%
9/
100
Registeel
82.1%
34/
100
Giratina
81.3%
93/
100
Giratina
81.3%
30/
100
Rhydon
80.6%
80/
100
Scizor
80.6%
4/
100
Cloyster
80.5%
55/
100
Rotom
80.3%
56/
100
Rotom
80.3%
59/
100
Rotom
80.3%
57/
100
Rotom
80.3%
58/
100
Rotom
80.3%
72/
100
Geodude
80.3%
45/
100
Magnezone
80.1%
19/
100
Lugia
79.8%
26/
100
Omastar
78.9%
88/
100
Regice
77.9%
96/
100
Magneton
77.9%
13/
100
Lairon
77.8%
23/
100
Rhyperior
77.6%
76/
100
Articuno
77.6%
15/
100
Groudon
77.4%
50/
100
Tyranitar
77.2%
Rank
Pokemon
% Correct
60/
100
Heatran
76.6%
6/
100
Bastiodon
75.8%
71/
100
Blastoise
75.4%
84/
100
Aron
75.4%
87/
100
Metang
75.4%
99/
100
Rhyhorn
75.1%
67/
100
Torterra
74.5%
61/
100
Kabutops
73.6%
17/
100
Dusknoir
73.4%
81/
100
Celebi
73.1%
28/
100
Gliscor
72.4%
89/
100
Jirachi
72.4%
8/
100
Deoxys
72.2%
11/
100
Forretress
71.7%
20/
100
Dusclops
71.2%
31/
100
Magcargo
70.8%
54/
100
Spiritomb
70.7%
85/
100
Armaldo
70.7%
94/
100
Cradily
70.5%
39/
100
Bronzong
69.7%
62/
100
Gligar
69.2%
75/
100
Omanyte
69.2%
47/
100
Slowbro
68.5%
49/
100
Umbreon
67.5%
36/
100
Arceus
67.5%
29/
100
Weezing
67.1%
51/
100
Drapion
67.1%
95/
100
Poliwrath
67.1%
10/
100
Probopass
67%
37/
100
Shieldon
66.5%
64/
100
Claydol
65.2%
44/
100
Suicune
64.5%
27/
100
Tangrowth
64.4%
53/
100
Regigigas
64.2%
Rank
Pokemon
% Correct
16/
100
Nosepass
63.2%
78/
100
Meganium
62.7%
21/
100
Relicanth
62.5%
83/
100
Slaking
61.8%
14/
100
Torkoal
61.1%
35/
100
Cresselia
60.3%
24/
100
Leafeon
59.7%
25/
100
Uxie
59.7%
86/
100
Shelgon
58.5%
38/
100
Hippowdon
58.4%
82/
100
Pelipper
58.3%
92/
100
Shaymin
58.3%
98/
100
Koffing
57.4%
42/
100
Tangela
57%
68/
100
Mesprit
56.8%
91/
100
Manaphy
56.8%
52/
100
Glaceon
56.7%
73/
100
Shellder
55.7%
46/
100
Sandslash
55.4%
74/
100
Pinsir
52.7%
79/
100
Feraligatr
51.3%
43/
100
Sudowoodo
51%
69/
100
Wormadam
50.9%
32/
100
Donphan
50%
48/
100
Marowak
49.9%
70/
100
Vespiquen
47.3%
63/
100
Miltank
44.9%
41/
100
Kingler
42.9%
65/
100
Huntail
42.5%
66/
100
Gorebyss
42.2%
97/
100
Cubone
40.9%
100/
100
Seadra
28.1%
Quiz Playlist
Details
Report
Send in Message
Add To Playlist
Classic:
Type in answers that appear in a list
Quiz Source
Last Updated: Feb 16, 2017
Quiz Scoreboard
CHALLENGE
Sign Up to Join the Scoreboard
Show All
Scores
Hide
Comments
May contain spoilers
Recently Published
Colored Red Africa Blitz
by spor1
Geography
30s
Find the 'City' Movie
by crazypaving
Movies
60s
5x2 Blitz: Bands
by SL_Kpop136
Music
30s
More to Explore
Quiz From the Vault
Featured Blog Post
14 Easter Pick-up Lines to Find Eggs With
hide this ad
You Might Also Like...
Tags
Nintendo Quiz
Pokémon Quiz
Video Games Quiz
defense
Nintendo Games
Today's Top Quizzes in Gaming
Browse Gaming
hide this ad
Today's Top Quizzes in Nintendo
Browse Nintendo
Top Contributed Quizzes in Gaming
1
League of Legends Pro Players by Career/Team History
2
Genshin murder mystery
3
Destiny 2 exotic weapons by perk icons
4
Dead By Daylight Logic Puzzle
5
Genshin Impact Logic Puzzle
6
Valorant Agent Developer Names (Up to Clove)
7
Overwatch 2: Ultimate Ability Icons
8
Who's on the WWE 2K24 Cover?
9
Genshin Impact Logic Puzzle Quiz II
10
4x4 Decades: Video Games
Explore More
Trending Topics
Disney
NBA
Anime
Harry Potter
Crossword
Marvel
Kpop
The Office
Country
Song
NFL
Puzzle
WWE
Soccer
Pokémon
hide this ad
More By:
yodaman200
Quiz
Plays
Rating
Category
Featured
Created
Pokémon Recoil Moves
31,371
4.13
Gaming
Oct 15, 2012
Top 100 Pokemon by Defense (1st - 4th Gen)
702
2.90
Gaming
Oct 15, 2012
Pokemon Moves That Never Miss
230
5.00
Gaming
Oct 15, 2012
Go to Creator's Profile
Score Distribution
Quiz Creator Spotlight
yodaman200
Follow
Send a Message
Quizzes Created
-
Created Quiz Play Count
-
More By This Creator
Popular Quizzes Today
1
Colored Red Africa Blitz
2
Find the 'City' Movie
3
5x2 Blitz: Bands
4
Find the US States - No Outlines Minefield
5
The Countries of the World
6
Find the US States
7
US States
8
Find the Countries of Europe - No Outlines Minefield
More Gaming Quizzes
World of Warcraft Classes
Published
Trending Quizzes
Colored Red Europe Blitz I
Colored Red Europe Blitz II
Colored Red Africa Blitz II
Colored Red Europe Blitz III
Colored Red Africa Blitz III
Recently Updated
How Do You Spell That?
pecheneg
Godzilla Movies
pecheneg
Grab Bag: 4-10 Letters
pecheneg
2024 March Madness Bracket
pecheneg
Famous TV Couples
Peacemaker
Champions League XIs: Real Madrid
pecheneg
Largest US Cities 1790-2010
pecheneg
Rides in Walt Disney World
pecheneg
Most Oscar Losses (Acting)
pecheneg
Beyoncé Albums
pecheneg
Trending Topics
Marvel
Crossword
Anime
Kpop
NBA
Harry Potter
Disney
Pokémon
Song
Puzzle
The Office
WWE
NFL
Country
Soccer
Your Account Isn't Verified!
In order to create a playlist on Sporcle, you need to verify the email address you used during registration. Go to your
Sporcle Settings
to finish the process.
Report this User
Report this user for behavior that violates our
Community Guidelines
.
Details:
Send Report
Go to the Sporcle.com Mobile Site →
Comments